<?xml version="1.0" encoding="UTF-8"?>
<record
    xmlns:xsi="http://www.w3.org/2001/XMLSchema-instance"
    xsi:schemaLocation="http://www.loc.gov/MARC21/slim http://www.loc.gov/standards/marcxml/schema/MARC21slim.xsd"
    xmlns="http://www.loc.gov/MARC21/slim">

  <leader>00872nam a2200217 a 4500</leader>
  <controlfield tag="001">5066</controlfield>
  <controlfield tag="003">CDMR</controlfield>
  <controlfield tag="005">20131015174449.0</controlfield>
  <controlfield tag="008">130130s1983||||||||||||||||||||||||||||d</controlfield>
  <datafield tag="020" ind1=" " ind2=" ">
    <subfield code="a">8474910720</subfield>
  </datafield>
  <datafield tag="040" ind1=" " ind2=" ">
    <subfield code="a">CDMR</subfield>
    <subfield code="b">cat</subfield>
    <subfield code="c">CDMR</subfield>
  </datafield>
  <datafield tag="245" ind1=" " ind2="3">
    <subfield code="a">La prensa en la Revoluci&#xF3;n Liberal</subfield>
    <subfield code="b">: Espa&#xF1;a, Portugal y Am&#xE9;rica Latina</subfield>
    <subfield code="c">edici&#xF3;n y pr&#xF3;logo a cargo de Alberto Gil Novales</subfield>
  </datafield>
  <datafield tag="260" ind1=" " ind2=" ">
    <subfield code="a">Madrid</subfield>
    <subfield code="c">1983</subfield>
    <subfield code="b">Universidad Complutense de Madrid</subfield>
  </datafield>
  <datafield tag="300" ind1=" " ind2=" ">
    <subfield code="a">632 p ;</subfield>
    <subfield code="c">24 cm</subfield>
  </datafield>
  <datafield tag="500" ind1=" " ind2=" ">
    <subfield code="a">actes del Col&#xB7;loqui Internacional, que va tenir lloc a la Faculdad de Ciencias de la Informaci&#xF3;n de la Universidad Complutense, els dies 1, 2 i 3 d'abril de 1982</subfield>
  </datafield>
  <datafield tag="650" ind1="0" ind2="4">
    <subfield code="a">Premsa</subfield>
    <subfield code="z">Espanya</subfield>
    <subfield code="y">S. XIX</subfield>
    <subfield code="9">2742</subfield>
  </datafield>
  <datafield tag="650" ind1="0" ind2="4">
    <subfield code="a">Premsa</subfield>
    <subfield code="z">Am&#xE8;rica Llatina</subfield>
    <subfield code="y">S. XIX</subfield>
    <subfield code="9">3505</subfield>
  </datafield>
  <datafield tag="650" ind1="0" ind2="4">
    <subfield code="a">Premsa</subfield>
    <subfield code="z">Portugal</subfield>
    <subfield code="y">S. XIX</subfield>
    <subfield code="9">3747</subfield>
  </datafield>
  <datafield tag="700" ind1="1" ind2=" ">
    <subfield code="a">Gil Novales, Alberto</subfield>
    <subfield code="e">ed. lit.</subfield>
    <subfield code="9">2761</subfield>
  </datafield>
  <datafield tag="942" ind1=" " ind2=" ">
    <subfield code="c">MON</subfield>
    <subfield code="2">udc</subfield>
  </datafield>
  <datafield tag="999" ind1=" " ind2=" ">
    <subfield code="c">5066</subfield>
    <subfield code="d">5066</subfield>
  </datafield>
  <datafield tag="952" ind1=" " ind2=" ">
    <subfield code="0">0</subfield>
    <subfield code="1">0</subfield>
    <subfield code="4">0</subfield>
    <subfield code="7">0</subfield>
    <subfield code="a">CDMR</subfield>
    <subfield code="b">CDMR</subfield>
    <subfield code="d">2013-01-16</subfield>
    <subfield code="l">0</subfield>
    <subfield code="o">Dt 9/47</subfield>
    <subfield code="p">CDMR13108484</subfield>
    <subfield code="r">2013-01-16</subfield>
    <subfield code="w">2013-01-16</subfield>
    <subfield code="y">MON</subfield>
  </datafield>
</record>
